000 00366nam a2200157Ia 4500
008 230711s9999||||xx |||||||||||||| ||und||
041 _aENG
082 _a720
_bGA-C
100 _aGulati,R.R
245 0 _aColour television
250 _a1st
260 _c1992
_aNew Delhi
_bWiley Eastern Limited
300 _a557
650 _aElectrical Engineering
942 _cBK
999 _c1751
_d1751